| 000 | 00575nam a22001937a 4500 | ||
|---|---|---|---|
| 003 | OSt | ||
| 005 | 20151215144533.0 | ||
| 008 | 151215b xxu||||| |||| 00| 0 eng d | ||
| 020 | _a9966469559 | ||
| 040 | _cDDC | ||
| 082 | _a370 ISS 1995 | ||
| 100 |
_aEdited by Mwiria, Kilemi;Wamahiu P.Sheila. _96591 |
||
| 245 | _aIssues in Educational research in Africa. | ||
| 260 |
_aNairobi, _bEast African Educational Publishers. _c1995 |
||
| 300 |
_a202p; _bill; _c20cm |
||
| 504 | _areferences and index are included. | ||
| 650 |
_aEducational research. _95824 |
||
| 942 |
_2ddc _cSLOAN |
||
| 999 |
_c2878 _d2878 |
||